Kỹ thuật nuôi gà tam hoàng

में बचाया:
ग्रंथसूची विवरण
मुख्य लेखक: Đặng Thị Hạnh
स्वरूप: पुस्तक
भाषा:Undetermined
प्रकाशित: Hà Nội Nông nghiệp 2000
विषय:
टैग : टैग जोड़ें
कोई टैग नहीं, इस रिकॉर्ड को टैग करने वाले पहले व्यक्ति बनें!
Thư viện lưu trữ: Trung tâm Học liệu Trường Đại học Cần Thơ
LEADER 00468nam a2200169Ia 4500
001 CTU_37347
008 210402s9999 xx 000 0 und d
082 |a 636.5 
082 |b H107 
100 |a Đặng Thị Hạnh 
245 0 |a Kỹ thuật nuôi gà tam hoàng 
245 0 |c Đặng Thị Hạnh 
260 |a Hà Nội 
260 |b Nông nghiệp 
260 |c 2000 
650 |a poultry 
980 |a Trung tâm Học liệu Trường Đại học Cần Thơ